[Event "Africa-ch Blitz"]
[Site "Casablanca"]
[Date "2019.08.28"]
[Round "3.15"]
[White "Khetho, Phemelo"]
[Black "Rita, Jeorciley"]
[Result "1-0"]
[WhiteElo "2152"]
[BlackElo "1920"]
[PlyCount "119"]
[EventDate "2019.08.28"]
[EventType "swiss (blitz)"]
[EventRounds "9"]
[EventCountry "MAR"]
[SourceTitle "EXT 2024"]
[Source "ChessBase"]
[SourceDate "2023.10.10"]
[SourceVersion "1"]
[SourceVersionDate "2023.10.10"]
[SourceQuality "1"]

1. e4 e5 2. Nf3 Nf6 3. Nc3 Bb4 4. d3 Nc6 5. g3 0-0 6. Bg2 d6 7. 0-0 Bg4 8. h3 Be6 9. Bd2 h6 10. Kh2 Nh7 11. Nh4 Nd4 12. a3 Bxc3 13. bxc3 Nc6 14. Nf5 Ne7 15. g4 b6 16. d4 Rb8 17. d5 Bd7 18. f4 Ng6 19. fxe5 Nxe5 20. Bf4 Qe8 21. Re1 f6 22. Qd2 Ng6 23. Bg3 Ng5 24. h4 Nf7 25. Kh3 Kh7 26. Rf1 Nge5 27. Rae1 g6 28. Ne3 Nxg4 29. Nxg4 Ne5 30. Bxe5 Qxe5 31. Qxh6+ Kg8 32. Qxg6+ Kh8 33. Qh6+ Kg8 34. Qf4 Qxf4 35. Rxf4 Rf7 36. Kh2 Kg7 37. Ref1 Rh8 38. Kg3 Kf8 39. Rxf6 Rxf6 40. Rxf6+ Ke7 41. Rf4 Rg8 42. Bh3 a5 43. h5 Rh8 44. Kh4 Be8 45. h6 Bg6 46. Kg5 Be8 47. Nf6 Bf7 48. Be6 Bxe6 49. dxe6 Kxe6 50. Kg6 Ke5 51. Rf5+ Ke6 52. Kg7 Rc8 53. h7 d5 54. Nxd5 c6 55. Nf6 Rc7+ 56. Kg6 Rc8 57. Ng8 Rc7 58. h8Q Kd6 59. Qe5+ Kd7 60. Rf7+ 1-0

[Event "African-ch rapid"]
[Site "Casablanca"]
[Date "2019.08.27"]
[Round "9"]
[White "Arab, Adlane"]
[Black "Khetho, Phemelo"]
[Result "1-0"]
[WhiteElo "2485"]
[BlackElo "2178"]
[PlyCount "59"]
[EventDate "2019.08.26"]
[EventType "swiss (rapid)"]
[EventRounds "9"]
[EventCountry "MAR"]
[SourceTitle "EXT 2020"]
[Source "ChessBase"]
[SourceDate "2019.10.17"]
[SourceVersion "1"]
[SourceVersionDate "2019.10.17"]
[SourceQuality "1"]

1. d4 Nf6 2. c4 g6 3. Nc3 Bg7 4. e4 d6 5. h3 c6 6. Bg5 a6 7. Nf3 b5 8. a3 h6 9. Be3 0-0 10. Qd2 Kh7 11. Be2 bxc4 12. Bxc4 d5 13. exd5 cxd5 14. Bd3 Bb7 15. 0-0 Nbd7 16. Qe2 Ne4 17. Rac1 f5 18. Bf4 Ndf6 19. Ne5 Nxc3 20. Rxc3 Ne4 21. Rc2 e6 22. Rfc1 Bxe5 23. Bxe5 Rf7 24. Rc7 Ng5 25. Rxf7+ Nxf7 26. Rc7 Kg8 27. Rxb7 Qg5 28. Rc7 Qd8 29. b4 Nd6 30. Rg7+ 1-0

[Event "African-ch rapid"]
[Site "Casablanca"]
[Date "2019.08.27"]
[Round "6"]
[White "Bellahcene, Bilel"]
[Black "Khetho, Phemelo"]
[Result "1-0"]
[WhiteElo "2550"]
[BlackElo "2178"]
[PlyCount "26"]
[EventDate "2019.08.26"]
[EventType "swiss (rapid)"]
[EventRounds "9"]
[EventCountry "MAR"]
[SourceTitle "EXT 2020"]
[Source "ChessBase"]
[SourceDate "2019.10.17"]
[SourceVersion "1"]
[SourceVersionDate "2019.10.17"]
[SourceQuality "1"]

1. e4 e5 2. Qh5 Nc6 3. Bc4 g6 4. Qf3 Qf6 5. Qd1 Bg7 6. Nc3 Qd8 7. h4 h6 8. d3 Nf6 9. Nge2 d6 10. Ng3 Bg4 11. f3 Bd7 12. Be3 Na5 13. a4 Nxc4 1-0

[Event "African-ch rapid"]
[Site "Casablanca"]
[Date "2019.08.27"]
[Round "7"]
[White "Khetho, Phemelo"]
[Black "Tissir, Mohamed"]
[Result "1/2-1/2"]
[WhiteElo "2178"]
[BlackElo "2379"]
[PlyCount "97"]
[EventDate "2019.08.26"]
[EventType "swiss (rapid)"]
[EventRounds "9"]
[EventCountry "MAR"]
[SourceTitle "EXT 2020"]
[Source "ChessBase"]
[SourceDate "2019.10.17"]
[SourceVersion "1"]
[SourceVersionDate "2019.10.17"]
[SourceQuality "1"]

1. e4 d6 2. d4 g6 3. Nc3 Bg7 4. Nf3 Nd7 5. Be2 e5 6. Be3 Ngf6 7. h3 0-0 8. Qd2 exd4 9. Nxd4 Re8 10. f3 d5 11. exd5 Nb6 12. 0-0-0 Nbxd5 13. Nxd5 Nxd5 14. Nb3 Qe7 15. Bg5 Qxe2 16. Qxe2 Rxe2 17. Rxd5 Be6 18. Rd2 Rxd2 19. Bxd2 b6 20. Bc3 Rd8 21. Bxg7 Kxg7 22. Nd2 f5 23. Re1 Kf6 24. b3 Rd7 25. c4 Bf7 26. Kc2 g5 27. g3 Bg6 28. f4 gxf4 29. gxf4 Bh5 30. Kc3 Rg7 31. Re3 Rg2 32. Rd3 Rh2 33. a3 Be2 34. Re3 h5 35. b4 h4 36. c5 Rg2 37. Nb3 Bf1 38. Nd4 Rg3 39. Kd2 Rxh3 40. Rxh3 Bxh3 41. Nf3 Bg2 42. Nxh4 Be4 43. Ke3 bxc5 44. bxc5 a5 45. Kd4 a4 46. Kc4 Bc6 47. Kd4 Be4 48. Kc4 Bc6 49. Kd4 1/2-1/2

[Event "African-ch rapid"]
[Site "Casablanca"]
[Date "2019.08.26"]
[Round "4"]
[White "Silva, David Miguel Da"]
[Black "Khetho, Phemelo"]
[Result "1-0"]
[WhiteElo "2239"]
[BlackElo "2178"]
[PlyCount "77"]
[EventDate "2019.08.26"]
[EventType "swiss (rapid)"]
[EventRounds "9"]
[EventCountry "MAR"]
[SourceTitle "EXT 2020"]
[Source "ChessBase"]
[SourceDate "2019.10.17"]
[SourceVersion "1"]
[SourceVersionDate "2019.10.17"]
[SourceQuality "1"]

1. e4 e5 2. Nf3 Nf6 3. Nc3 Nc6 4. Bb5 Bb4 5. 0-0 0-0 6. d3 Bxc3 7. bxc3 d6 8. h3 Qe7 9. Re1 Nd8 10. d4 c6 11. Bd3 h6 12. a4 a5 13. Rb1 Re8 14. Ba3 Qc7 15. c4 Ne6 16. Bf1 c5 17. c3 b6 18. d5 Ng5 19. Nd2 Bd7 20. Bd3 Rab8 21. Nf1 Qc8 22. Re3 Bxh3 23. gxh3 Nxh3+ 24. Rxh3 Qxh3 25. Ng3 g6 26. Qf3 Kg7 27. Nf5+ Qxf5 28. exf5 e4 29. Qe3 exd3 30. Qxd3 g5 31. Bc1 Nd7 32. f4 g4 33. Be3 h5 34. Bf2 Nf6 35. Bh4 Rb7 36. Re1 Rbb8 37. Qb1 Nd7 38. Rxe8 Rxe8 39. Qb5 1-0

[Event "Africa-chT rapid"]
[Site "Casablanca"]
[Date "2019.08.25"]
[Round "7.1"]
[White "Khetho, Phemelo"]
[Black "Amin, Bassem"]
[Result "0-1"]
[WhiteElo "2178"]
[BlackElo "2692"]
[PlyCount "104"]
[EventDate "2019.08.24"]
[EventType "team-swiss (rapid)"]
[EventRounds "9"]
[EventCountry "MAR"]
[SourceTitle "EXT 2020"]
[Source "ChessBase"]
[SourceDate "2019.10.17"]
[SourceVersion "1"]
[SourceVersionDate "2019.10.17"]
[SourceQuality "1"]
[WhiteTeam "Botswana"]
[BlackTeam "Egypt"]
[WhiteTeamCountry "BOT"]
[BlackTeamCountry "EGY"]

1. e4 e5 2. Nf3 Nc6 3. Nc3 Nf6 4. g3 Bc5 5. Bg2 d6 6. d3 a6 7. Be3 Bb4 8. a3 Bxc3+ 9. bxc3 d5 10. exd5 Nxd5 11. Bd2 0-0 12. 0-0 Bg4 13. h3 Bh5 14. Rb1 Rb8 15. Re1 Re8 16. Qc1 Qd7 17. c4 Nf6 18. g4 Bg6 19. Nh4 b5 20. Nxg6 hxg6 21. cxb5 axb5 22. c4 Nd4 23. cxb5 Rxb5 24. Rxb5 Qxb5 25. Qc4 Qb2 26. Be3 Nc2 27. Bc1 Qb1 28. Rf1 Nd4 29. Be3 Qb6 30. Bxd4 exd4 31. Rc1 Qb2 32. a4 Re2 33. Rf1 Rc2 34. Qa6 Kh7 35. Bc6 Qc3 36. Bg2 Ra2 37. Qb5 Rb2 38. Qa6 Nd7 39. Qc8 Ne5 40. Be4 Nxd3 41. Bxd3 Qxd3 42. Qxc7 Rb1 43. Rxb1 Qxb1+ 44. Kh2 d3 45. Qd8 f6 46. g5 f5 47. Qd4 Qc2 48. a5 d2 49. Qh4+ Kg8 50. a6 d1Q 51. a7 Qc7+ 52. Kg2 Qd5+ 0-1

[Event "Africa-chT rapid"]
[Site "Casablanca"]
[Date "2019.08.24"]
[Round "1.9"]
[White "Koualet Bebondi, Vianney Archeveq"]
[Black "Khetho, Phemelo"]
[Result "0-1"]
[WhiteElo "1679"]
[BlackElo "2178"]
[PlyCount "70"]
[EventDate "2019.08.24"]
[EventType "team-swiss (rapid)"]
[EventRounds "9"]
[EventCountry "MAR"]
[SourceTitle "EXT 2020"]
[Source "ChessBase"]
[SourceDate "2019.10.17"]
[SourceVersion "1"]
[SourceVersionDate "2019.10.17"]
[SourceQuality "1"]
[WhiteTeam "Central African Republic"]
[BlackTeam "Botswana"]
[WhiteTeamCountry "CAR"]
[BlackTeamCountry "BOT"]

1. e4 e5 2. d3 Nf6 3. Bd2 d5 4. Qe2 Nc6 5. c3 Be7 6. h3 dxe4 7. dxe4 a6 8. Nf3 0-0 9. Bg5 h6 10. Bxf6 Bxf6 11. Qc2 Be6 12. Be2 Qe7 13. 0-0 g5 14. Nh2 Bg7 15. Nd2 Rad8 16. b3 Qc5 17. Qb2 Ne7 18. b4 Qc6 19. Kh1 Ng6 20. Bg4 Nf4 21. Bxe6 Qxe6 22. f3 Ne2 23. Rf2 Nf4 24. Qc2 Rd7 25. Ng4 Rfd8 26. Ne3 Rd3 27. Rd1 Rxe3 28. c4 Red3 29. Kh2 Qb6 30. Kg1 Qxb4 31. Kf1 Bf8 32. Rb1 Qd6 33. Nb3 Rd1+ 34. Rxd1 Qxd1+ 35. Qxd1 Rxd1# 0-1

[Event "Antananarivo zt 4.3"]
[Site "Antananarivo"]
[Date "2019.04.28"]
[Round "2"]
[White "Khetho, Phemelo"]
[Black "Li Ying, Patrick"]
[Result "1-0"]
[WhiteElo "2213"]
[BlackElo "2110"]
[PlyCount "119"]
[EventDate "2019.04.27"]
[EventType "swiss"]
[EventRounds "9"]
[EventCountry "MAD"]
[SourceTitle "EXT 2020"]
[Source "ChessBase"]
[SourceDate "2019.10.17"]
[SourceVersion "1"]
[SourceVersionDate "2019.10.17"]
[SourceQuality "1"]

1. e4 d5 2. exd5 Qxd5 3. Nc3 Qa5 4. Bc4 Nf6 5. d3 c6 6. Bd2 Qc7 7. Qe2 Bf5 8. Nf3 e6 9. Nd4 Qe7 10. 0-0-0 Qc5 11. Nb3 Qb6 12. Ne4 Qd8 13. a4 Be7 14. Nxf6+ Bxf6 15. g4 Bg6 16. f4 0-0 17. h4 h5 18. f5 exf5 19. gxh5 Bh7 20. h6 g6 21. Rdg1 Kh8 22. Bb4 Re8 23. Qd2 Bg8 24. Bc3 Nd7 25. h5 Kh7 26. hxg6+ fxg6 27. Rxg6 Kxg6 28. h7 Bxc4 29. Qh6+ Kf7 30. Qh5+ Kg7 31. Nd4 Kh8 32. dxc4 c5 33. Nxf5 Bxc3 34. bxc3 Qf6 35. Rg1 Re5 36. Qg4 Ree8 37. Nd6 Qh6+ 38. Kb2 Ne5 39. Qg3 Qxh7 40. Rg2 Nxc4+ 41. Nxc4 Re6 42. Rh2 Rh6 43. Qe5+ Kg8 44. Qg5+ Rg6 45. Qd5+ Qf7 46. Rh8+ Kxh8 47. Qxf7 Rg7 48. Qh5+ Kg8 49. Qxc5 a6 50. Qd5+ Kh8 51. Nd6 Rf8 52. Nf5 Rh7 53. Qe5+ Kg8 54. Ne7+ Kf7 55. Qf5+ Kxe7 56. Qxh7+ Rf7 57. Qd3 Ke8 58. Qg6 Ke7 59. Kb3 Rf6 60. Qe4+ 1-0

[Event "Africa-ch"]
[Site "Livingstone"]
[Date "2018.05.14"]
[Round "3"]
[White "Khetho, Phemelo"]
[Black "Phiri, Richmond"]
[Result "1/2-1/2"]
[WhiteElo "2153"]
[BlackElo "2317"]
[PlyCount "70"]
[EventDate "2018.05.13"]
[EventType "swiss"]
[EventRounds "9"]
[EventCountry "ZAM"]
[SourceTitle "CBM 184 Extra"]
[Source "ChessBase"]
[SourceDate "2018.06.28"]
[SourceVersion "1"]
[SourceVersionDate "2018.06.28"]
[SourceQuality "1"]

1. d4 Nf6 2. c3 g6 3. e3 Bg7 4. Bd3 d6 5. Nd2 c5 6. f4 Nc6 7. Ngf3 0-0 8. 0-0 cxd4 9. exd4 e5 10. dxe5 dxe5 11. fxe5 Qxd3 12. exf6 Bxf6 13. Nb3 Qxd1 14. Rxd1 Re8 15. Kf2 Bg4 16. Bf4 Rad8 17. h3 Bc8 18. Bg5 Kg7 19. Bxf6+ Kxf6 20. Rxd8 Rxd8 21. Nbd4 Nxd4 22. Nxd4 Be6 23. a3 a6 24. Re1 Bd5 25. Re2 h5 26. Rd2 Be6 27. Ke3 Ke7 28. Kf4 Rd5 29. h4 Kf6 30. Nf3 Rxd2 31. Nxd2 Bd5 32. g3 Ke6 33. c4 Bc6 34. b4 f6 35. Nb3 Bh1 1/2-1/2

[Event "Matola zt 4.3"]
[Site "Matola"]
[Date "2018.04.09"]
[Round "3.10"]
[White "Abrantes, Persson"]
[Black "Khetho, Phemelo"]
[Result "0-1"]
[WhiteElo "2072"]
[BlackElo "2162"]
[PlyCount "46"]
[EventDate "2018.04.08"]
[EventType "swiss"]
[EventRounds "9"]
[EventCountry "MOZ"]
[SourceTitle "EXT 2024"]
[Source "ChessBase"]
[SourceDate "2023.10.10"]
[SourceVersion "1"]
[SourceVersionDate "2023.10.10"]
[SourceQuality "1"]

1. d4 Nf6 2. c4 g6 3. Nc3 Bg7 4. e4 d6 5. f4 c5 6. d5 e6 7. Nf3 exd5 8. cxd5 0-0 9. Be2 b5 10. e5 dxe5 11. fxe5 Nfd7 12. Bf4 b4 13. Ne4 Nb6 14. Nd6 N8d7 15. Nxc8 Qxc8 16. 0-0 Qb7 17. d6 Nd5 18. Bg3 Ne3 19. Qd2 Nxf1 20. Rxf1 Rae8 21. Qe3 Nxe5 22. Nxe5 Bxe5 23. Bxe5 Qd5 0-1

[Event "Cape Town Chess Lounge"]
[Site "Cape Town"]
[Date "2016.12.01"]
[Round "6"]
[White "Barrish, Daniel"]
[Black "Khetho, Phemelo"]
[Result "1-0"]
[WhiteElo "2281"]
[BlackElo "2215"]
[PlyCount "117"]
[EventDate "2016.11.27"]
[EventType "tourn"]
[EventRounds "9"]
[EventCountry "RSA"]
[EventCategory "1"]
[SourceTitle "EXT 2018"]
[Source "ChessBase"]
[SourceDate "2017.10.13"]
[SourceVersion "1"]
[SourceVersionDate "2017.10.13"]
[SourceQuality "1"]

1. d4 d6 2. e4 g6 3. c4 Bg7 4. Nc3 c6 5. Be3 f5 6. f3 Nf6 7. Qd2 0-0 8. Bd3 fxe4 9. Nxe4 Nxe4 10. Bxe4 Bf5 11. h4 d5 12. Bxf5 gxf5 13. 0-0-0 dxc4 14. Nh3 e5 15. Qc2 b5 16. dxe5 Qe7 17. f4 Na6 18. a3 Nc7 19. g4 Nd5 20. Rxd5 cxd5 21. gxf5 d4 22. f6 Bxf6 23. Bxd4 Bxh4 24. Qg2+ Kf7 25. Ng5+ Bxg5 26. Rxh7+ Ke6 27. Rxe7+ Bxe7 28. Qc6+ Kf5 29. Qd7+ Ke4 30. Qxe7 Kxd4 31. e6 Rxf4 32. Qd7+ Ke5 33. e7 Re4 34. Qd8 Rxd8 35. exd8Q a6 36. Qc7+ Kd4 37. Qb6+ Kd3 38. Qd6+ Rd4 39. Qxa6 Rd5 40. Qe6 Kd4 41. Kc2 Kc5 42. Qc8+ Kd4 43. Qc6 Ke5 44. Qg6 Rd4 45. Qc6 Rd5 46. Qg6 Kd4 47. Qg4+ Kc5 48. Qe4 Rd4 49. Qe3 Kd5 50. Kc3 Rd3+ 51. Qxd3+ cxd3 52. Kxd3 Kc5 53. Kc3 Kc6 54. Kb4 Kb6 55. a4 bxa4 56. Kxa4 Ka6 57. Kb4 Kb6 58. b3 Kc6 59. Ka5 1-0

[Event "Cape Town Chess Lounge"]
[Site "Cape Town"]
[Date "2016.11.27"]
[Round "1"]
[White "Klaasen, Calvin Jong"]
[Black "Khetho, Phemelo"]
[Result "1-0"]
[WhiteElo "2183"]
[BlackElo "2215"]
[PlyCount "51"]
[EventDate "2016.11.27"]
[EventType "tourn"]
[EventRounds "9"]
[EventCountry "RSA"]
[EventCategory "1"]
[SourceTitle "EXT 2018"]
[Source "ChessBase"]
[SourceDate "2017.10.13"]
[SourceVersion "1"]
[SourceVersionDate "2017.10.13"]
[SourceQuality "1"]

1. d4 f5 2. g3 Nf6 3. Bg2 g6 4. Nh3 Bg7 5. Nf4 d6 6. d5 c6 7. c4 g5 8. Ne6 Bxe6 9. dxe6 Qa5+ 10. Nc3 Ne4 11. 0-0 Nxc3 12. bxc3 Qxc3 13. Rb1 Qxc4 14. Rxb7 Bf6 15. e4 Qxe6 16. exf5 Qc8 17. Qh5+ Kd8 18. Rb3 Qxf5 19. Bh3 Qa5 20. Qg4 Ke8 21. Qc8+ Kf7 22. Qb7 Na6 23. Ra3 Nc5 24. Qxa8 Qxa3 25. Qxh8 Qd3 26. Qc8 1-0

[Event "Olympiad-41"]
[Site "Tromsoe"]
[Date "2014.08.11"]
[Round "9.3"]
[White "Mansour, Sameer"]
[Black "Khetho, Phemelo"]
[Result "0-1"]
[WhiteElo "2249"]
[BlackElo "2195"]
[PlyCount "120"]
[EventDate "2014.08.02"]
[EventType "team-swiss"]
[EventRounds "11"]
[EventCountry "NOR"]
[SourceTitle "CBM 162"]
[Source "ChessBase"]
[SourceDate "2014.09.17"]
[SourceVersion "1"]
[SourceVersionDate "2014.09.17"]
[SourceQuality "1"]
[WhiteTeam "Jordan"]
[BlackTeam "Botswana"]
[WhiteTeamCountry "JOR"]
[BlackTeamCountry "BOT"]

1. d4 Nf6 2. c4 g6 3. Nc3 Bg7 4. e4 d6 5. Be2 Nbd7 6. f4 e5 7. fxe5 dxe5 8. d5 Nc5 9. Bf3 0-0 10. b4 Ncd7 11. Be3 a5 12. a3 axb4 13. axb4 Rxa1 14. Qxa1 Nxe4 15. Bxe4 f5 16. Nf3 fxe4 17. Nxe4 Nf6 18. Bg5 Bf5 19. Nfd2 Qa8 20. Nxf6+ Bxf6 21. Qxa8 Rxa8 22. Bxf6 Ra1+ 23. Ke2 Rxh1 24. Bxe5 c6 25. dxc6 bxc6 26. b5 cxb5 27. cxb5 Bd7 28. b6 Bc6 29. g4 Rg1 30. Bg3 Ra1 31. Ke3 Ra4 32. g5 Kf7 33. Kd3 Rb4 34. Bc7 Ke6 35. Kc3 Rg4 36. Nb3 Rxg5 37. Kd4 Kd7 38. Nc5+ Kc8 39. Ne6 Rf5 40. Ke3 Rf3+ 41. Kd4 Rf5 42. Ke3 Bg2 43. Nd4 Rf1 44. Nb5 Kd7 45. Nd6 g5 46. Nc4 h5 47. Ne5+ Ke6 48. Nd3 Kf5 49. Kd4 h4 50. Kc5 Rb1 51. Nb4 Bb7 52. Nd3 Rd1 53. Nb2 Rc1+ 54. Kd6 Rc2 55. Na4 Rxh2 56. Nc5 Rd2+ 57. Ke7 Bc6 58. b7 Re2+ 59. Kf7 Bd5+ 60. Kg7 Bxb7 0-1

[Event "Olympiad-41"]
[Site "Tromsoe"]
[Date "2014.08.09"]
[Round "7.2"]
[White "Omar, Noaman"]
[Black "Khetho, Phemelo"]
[Result "1-0"]
[WhiteElo "2350"]
[BlackElo "2195"]
[PlyCount "91"]
[EventDate "2014.08.02"]
[EventType "team-swiss"]
[EventRounds "11"]
[EventCountry "NOR"]
[SourceTitle "CBM 162"]
[Source "ChessBase"]
[SourceDate "2014.09.17"]
[SourceVersion "1"]
[SourceVersionDate "2014.09.17"]
[SourceQuality "1"]
[WhiteTeam "United Arab Emirates"]
[BlackTeam "Botswana"]
[WhiteTeamCountry "UAE"]
[BlackTeamCountry "BOT"]

1. d4 Nf6 2. c4 d6 3. Nc3 g6 4. e4 Bg7 5. h3 c5 6. d5 b5 7. cxb5 a6 8. Nf3 0-0 9. a4 Nbd7 10. Bd2 Qc7 11. Qc2 Bb7 12. Be2 e6 13. dxe6 fxe6 14. bxa6 Bxa6 15. Bxa6 Rxa6 16. 0-0 d5 17. exd5 exd5 18. Nb5 Qc6 19. Be3 d4 20. Bd2 Nh5 21. Ra3 Nf4 22. Bxf4 Rxf4 23. Rc1 Qb7 24. Re1 Raf6 25. Qc4+ Kh8 26. Re8+ Bf8 27. Rd3 Kg7 28. a5 Re4 29. Rxe4 Qxe4 30. Rd1 Nb8 31. b4 Na6 32. bxc5 Nxc5 33. Nbxd4 Bd6 34. Qc3 Qd5 35. Ra1 Ne4 36. Qb3 Qa8 37. a6 Nc5 38. Qb2 Nxa6 39. Ne6+ Kf7 40. Nfg5+ Ke7 41. Qe2 Qc8 42. Nc5+ Kd8 43. Nxa6 Qf5 44. Nf3 g5 45. Qc4 h5 46. Qg8+ 1-0

[Event "Olympiad-41"]
[Site "Tromsoe"]
[Date "2014.08.04"]
[Round "3.3"]
[White "Ortiz, Marcos"]
[Black "Khetho, Phemelo"]
[Result "1-0"]
[WhiteElo "2214"]
[BlackElo "2195"]
[PlyCount "63"]
[EventDate "2014.08.02"]
[EventType "team-swiss"]
[EventRounds "11"]
[EventCountry "NOR"]
[SourceTitle "CBM 162"]
[Source "ChessBase"]
[SourceDate "2014.09.17"]
[SourceVersion "1"]
[SourceVersionDate "2014.09.17"]
[SourceQuality "1"]
[WhiteTeam "Nicaragua"]
[BlackTeam "Botswana"]
[WhiteTeamCountry "NCA"]
[BlackTeamCountry "BOT"]

1. e4 d6 2. d4 g6 3. Nc3 Bg7 4. f4 a6 5. Nf3 b5 6. Bd3 Nd7 7. e5 e6 8. Ne4 d5 9. Nf2 c5 10. c3 cxd4 11. Nxd4 Ne7 12. Be3 Nb6 13. b3 Bd7 14. 0-0 0-0 15. Qg4 Nbc8 16. Qh3 Nc6 17. Ng4 h5 18. Nf2 f5 19. exf6 Qxf6 20. Nxc6 Bxc6 21. Bd4 Qf7 22. Bxg7 Kxg7 23. Qe3 Qxf4 24. Qxe6 Qd6 25. Qe3 Re8 26. Qd2 Ne7 27. Nh3 Bd7 28. Nf4 Rf8 29. Rae1 Rae8 30. Bb1 Rf6 31. Qd4 Qb6 32. Ne6+ 1-0

[Event "Olympiad-40"]
[Site "Istanbul"]
[Date "2012.09.01"]
[Round "5.2"]
[White "Khairallah, Faisal"]
[Black "Khetho, Phemelo"]
[Result "1-0"]
[WhiteElo "2308"]
[BlackElo "2133"]
[PlyCount "65"]
[EventDate "2012.08.28"]
[EventType "team-swiss"]
[EventRounds "11"]
[EventCountry "TUR"]
[SourceTitle "CBM 151"]
[Source "ChessBase"]
[SourceDate "2012.11.13"]
[SourceVersion "1"]
[SourceVersionDate "2012.11.13"]
[SourceQuality "1"]
[WhiteTeam "Lebanon"]
[BlackTeam "Botswana"]
[WhiteTeamCountry "LBN"]
[BlackTeamCountry "BOT"]

1. e4 c5 2. Nf3 Nc6 3. d4 cxd4 4. Nxd4 Nf6 5. Nc3 e5 6. Ndb5 d6 7. Bg5 a6 8. Na3 b5 9. Nd5 Be7 10. Bxf6 Bxf6 11. c3 Bg5 12. Nc2 0-0 13. a4 Rb8 14. axb5 axb5 15. Ncb4 Nxb4 16. Nxb4 Bb7 17. Bd3 f5 18. Qe2 fxe4 19. Bxe4 d5 20. Rd1 d4 21. 0-0 Qd6 22. Rfe1 Qf6 23. Nd3 dxc3 24. Bxb7 Rxb7 25. Nc5 Rc7 26. Ne4 Qf5 27. bxc3 Bh4 28. g3 Be7 29. Qxb5 Rxc3 30. Qd5+ Kh8 31. Nxc3 Qxf2+ 32. Kh1 Rc8 33. Rf1 1-0

[Event "Pretoria Capablanca"]
[Site "Pretoria"]
[Date "2012.04.28"]
[Round "4"]
[White "Khetho, Phemelo"]
[Black "Simutowe, Musatwe"]
[Result "0-1"]
[WhiteElo "2209"]
[BlackElo "2119"]
[PlyCount "54"]
[EventDate "2012.04.27"]
[EventType "tourn"]
[EventRounds "9"]
[EventCountry "RSA"]
[EventCategory "1"]
[SourceTitle "CBM 148 Extra"]
[Source "ChessBase"]
[SourceDate "2012.06.22"]
[SourceVersion "1"]
[SourceVersionDate "2012.06.22"]
[SourceQuality "1"]

1. e4 e5 2. Nf3 Nf6 3. Nc3 Nc6 4. Bb5 Nd4 5. Ba4 Nxf3+ 6. Qxf3 c6 7. 0-0 d6 8. h3 Be7 9. Rd1 0-0 10. d3 Kh8 11. Be3 Qc7 12. d4 Be6 13. Bb3 Bxb3 14. axb3 a6 15. Ne2 d5 16. dxe5 Qxe5 17. exd5 Nxd5 18. Bd4 Qg5 19. c4 Nf6 20. Ng3 Rfe8 21. Nf5 Bf8 22. Ra5 Re6 23. Be3 Qg6 24. Nd4 Ree8 25. Rg5 Qe4 26. Qg3 Rad8 27. c5 h6 0-1

[Event "Pretoria Capablanca"]
[Site "Pretoria"]
[Date "2012.04.27"]
[Round "2"]
[White "Khetho, Phemelo"]
[Black "Kobese, Watu"]
[Result "1/2-1/2"]
[WhiteElo "2209"]
[BlackElo "2366"]
[PlyCount "91"]
[EventDate "2012.04.27"]
[EventType "tourn"]
[EventRounds "9"]
[EventCountry "RSA"]
[EventCategory "1"]
[SourceTitle "CBM 148 Extra"]
[Source "ChessBase"]
[SourceDate "2012.06.22"]
[SourceVersion "1"]
[SourceVersionDate "2012.06.22"]
[SourceQuality "1"]

1. Nf3 Nc6 2. d4 e6 3. g3 Nf6 4. Bg2 d5 5. 0-0 Be7 6. b3 0-0 7. Bb2 a5 8. a3 Ne4 9. Ne5 f5 10. Nc3 Nxe5 11. Nxe4 fxe4 12. dxe5 Bc5 13. Bd4 Qe7 14. a4 Ra6 15. f3 exf3 16. exf3 Rc6 17. c3 Rb6 18. f4 c6 19. Kh1 Bxd4 20. cxd4 Bd7 21. Qd3 Rb4 22. Rf3 Be8 23. g4 c5 24. Raf1 Rxd4 25. Qc2 b6 26. Rh3 g6 27. Rhf3 Bd7 28. Bh3 Re4 29. Qd3 Bc6 30. Bg2 c4 31. Qb1 Re2 32. Qd1 Re4 33. R3f2 cxb3 34. Qxb3 Qb4 35. Qg3 Rc4 36. h3 Rc3 37. Qh4 Kg7 38. f5 exf5 39. e6 f4 40. Qg5 f3 41. Bxf3 Rcxf3 42. Qe5+ Kg8 43. Rxf3 d4 44. e7 Rxf3 45. e8Q+ Bxe8 46. Rxf3 1/2-1/2

[Event "Pretoria Capablanca"]
[Site "Pretoria"]
[Date "2012.04.27"]
[Round "1"]
[White "Mabusela, Johannes Manyedi"]
[Black "Khetho, Phemelo"]
[Result "1-0"]
[WhiteElo "2298"]
[BlackElo "2209"]
[PlyCount "65"]
[EventDate "2012.04.27"]
[EventType "tourn"]
[EventRounds "9"]
[EventCountry "RSA"]
[EventCategory "1"]
[SourceTitle "CBM 148 Extra"]
[Source "ChessBase"]
[SourceDate "2012.06.22"]
[SourceVersion "1"]
[SourceVersionDate "2012.06.22"]
[SourceQuality "1"]

1. d4 Nf6 2. Nf3 g6 3. Nc3 d5 4. Bf4 Bg7 5. e3 0-0 6. Be2 Bg4 7. h3 Bxf3 8. Bxf3 c6 9. Qd2 Nbd7 10. 0-0 Re8 11. e4 e5 12. dxe5 Nxe4 13. Bxe4 dxe4 14. Nxe4 Nxe5 15. Qxd8 Raxd8 16. Rad1 Nc4 17. b3 Na3 18. Nd6 Re7 19. Nc4 Rxd1 20. Rxd1 g5 21. Rd8+ Bf8 22. Bd6 Re1+ 23. Kh2 Nxc4 24. Bxf8 Nd6 25. Bxd6+ Kg7 26. Bb4 Re2 27. Bc3+ f6 28. Rd2 Re7 29. Rd6 Rf7 30. Bd4 a6 31. Kg3 Kg6 32. Kf3 h5 33. g4 1-0